000 00486cam a2200193ua 4500
020 _a0 8039 3001 1
041 _aeng
_h
082 _a300.1
_bIVE/AN
100 _aIversen, Gudmund R .
245 _aAnalysis of variance /
_cGudmund R Iversen.
_hTextual Documents
250 _a2 /
_b.
260 _aNew Delhi :
_bSage Publications ,
_c1987.
300 _a94 ; .
500 _a**Reference
504 _a
700 1 _aNorpoth, Helmut .
942 _cBK
999 _c8144
_d8144